Power of speech

Đã lưu trong:
书目详细资料
主要作者: Young, Peter
格式: 图书
语言:Undetermined
出版: London George Allen 1983
主题:
标签: 添加标签
没有标签, 成为第一个标记此记录!
Thư viện lưu trữ: Trung tâm Học liệu Trường Đại học Cần Thơ
LEADER 00488nam a2200193Ia 4500
001 CTU_83028
008 210402s9999 xx 000 0 und d
082 |a 384.6 
082 |b Y68 
100 |a Young, Peter 
245 0 |a Power of speech 
245 0 |c Peter Young 
260 |a London 
260 |b George Allen 
260 |c 1983 
650 |a Telecommunication,Telephones 
650 |z Britain 
904 |i QHieu(sửa) 
980 |a Trung tâm Học liệu Trường Đại học Cần Thơ